| Поле | Инд. | ПП | Название | Значение |
|---|---|---|---|---|
| Тип записи | a | |||
| Библиографический уровень | m | |||
| 001 | Контрольный номер | RU/IS/BASE/358967009 | ||
| 005 | Дата корректировки | 20250821141914.6 | ||
| 008 | Кодируемые данные | 20110517 | ||
| 020 | a | ISBN | 5-300-02796-0 | |
| 040 | 00 | e | Правила каталог. | Г.Я. 971204 |
| 084 | a | Индекс другой классификации/Индекс ББК | 84(4Вел)6-44 | |
| 090 | 00 | a | Полочн. индекс | 84(4Вел)6-44 |
| x | Авторский знак | С 711 | ||
| 097 | 00 | a | 210 | |
| 100 | 1_ | a | Автор | Спарк М. |
| q | Полное имя | Спарк Мюриэл | ||
| 245 | 00 | a | Заглавие | Memento mori; Мисс Джин Броди в расцвете лет; На публику |
| b | Продолж. заглавия | романы: повесть | ||
| c | Ответственность | перевод с английского В. Муравьев, А. Михалев, Е. Беспалова; редактор Л. Беспалова; художник Ж. Шимилис | ||
| 260 | 00 | a | Место издания | Москва |
| b | Издательство | ТЕРРА | ||
| c | Дата издания | 1999 | ||
| 300 | 00 | a | Объем | 464 с. |
| 336 | a | Термин вида содержания | Текст | |
| 337 | a | Термин типа средства | непосредственный | |
| 440 | 00 | a | Серия | Библиотека английской литературы |
| 650 | 04 | a | Основная рубрика | художественная литература |
| 653 | 00 | a | Ключевые слова | XX век |
| a | Ключевые слова | английская литература | ||
| a | Ключевые слова | Великобритания | ||
| 655 | 00 | a | Жанр/ форма (устаревшее) | проза |
| a | Жанр/ форма (устаревшее) | роман | ||
| a | Жанр/ форма (устаревшее) | повесть | ||
| 700 | 12 | a | Автор | Муравьев В. |
| e | Роль лиц | переводчик | ||
| 700 | 1_ | a | Автор | Михалев А. |
| e | Роль лиц | переводчик | ||
| 700 | 1_ | a | Автор | Короткова Е. |
| e | Роль лиц | переводчик | ||
| 700 | 1_ | a | Автор | Беспалова Е. |
| e | Роль лиц | редактор | ||
| 700 | 1_ | a | Автор | Шимилис Д. |
| e | Роль лиц | художник | ||
| 720 | a | Наименование подборки | История литературы стран изучаемого языка (Великобритания) | |
| e | Признак/вид подборки | Тематические подборки | ||
| 901 | t | Тип документа | m | |
| 952 | a | Тип литературы для КСУ ВШ | ЛХИ | |
| 990 | 00 | j | Количество экземпляров (DOS) | 1 |